Normal view MARC view

Entry Topical Term

Number of records used in: 1

001 - CONTROL NUMBER

  • control field: 17713

003 - CONTROL NUMBER IDENTIFIER

  • control field: OSt

005 - DATE AND TIME OF LATEST TRANSACTION

  • control field: 20200915164947.0

008 - FIXED-LENGTH DATA ELEMENTS

  • fixed length control field: 200915|| aca||aabn | a|a d

040 ## - CATALOGING SOURCE

  • Original cataloging agency: OSt
  • Transcribing agency: OSt

150 ## - HEADING--TOPICAL TERM

  • Topical term or geographic name entry element: Homeless

670 ## - SOURCE DATA FOUND

  • Source citation: Work cat.: (OSt): Ahmed, A., and Madoc-Jones, I. 17712, Homelessness prevention policy in an international context: the housing act (Wales) 2014

Powered by Koha